| 000 | 01271nam a2200325 a 4500 | ||
|---|---|---|---|
| 003 | CO-PeBPR | ||
| 005 | 20260422110851.0 | ||
| 008 | 231207t2023 ck a|||ar ||| 00| j spa d | ||
| 020 | _a9789585499256 | ||
| 040 | 0 |
_aCO-PeBPR _bspa _erda _cCO-PeBPR |
|
| 041 | 0 | _hspa | |
| 082 | 0 | 4 | _a(i) 843 S817ch |
| 100 | 1 |
_aStehr, Frédéric, _d1956- _eautor _eilustrador _9279525 |
|
| 245 | 1 | 0 |
_a¡Chin bam bum! _c/ ilustraciones y texto de Fredéric Stehr ; traducción de Xosé Ballesteros |
| 250 | _aEdición especial | ||
| 264 | 1 |
_aBogotá, Colombia _b: Ediciones Monserrate _b; Kalandraka Editora _c, 2023 |
|
| 300 |
_a26 páginas sin numerar _b: ilustraciones a color _c; 20 centímetros |
||
| 336 |
_atexto _btxt |
||
| 337 |
_asin mediación _bn _2rdamedia |
||
| 338 |
_avolumen _bnc _2rdacarrier |
||
| 521 | 1 | _aRecomendado para un público infantil mayor de 3 años. | |
| 534 | _tZim Bam Boun | ||
| 650 | 1 | 4 |
_2LEMB _aCuentos infantiles franceses _ySiglo XXI _923642 |
| 650 | 1 | 4 |
_2LEMB _aLiteratura infantil francesa _ySiglo XXI _95039 |
| 650 | 1 | 4 |
_2LEMB _aAutores franceses _9279526 |
| 650 | 1 | 4 |
_2LEMB _aAnimales en la literatura _9378 |
| 650 | 1 | 4 |
_2LEMB _aEmociones en la literatura _97539 |
| 700 | 1 |
_aBallesteros, Xosé _etraductor _914187 |
|
| 942 |
_2ddc _cBKINF |
||
| 999 |
_c17331 _d17331 |
||